| 000 -LEADER |
| fixed length control field |
01780nam a22003137a 4500 |
| 003 - CONTROL NUMBER IDENTIFIER |
| control field |
OSt |
| 005 - DATE AND TIME OF LATEST TRANSACTION |
| control field |
20240612115127.0 |
| 008 - FIXED-LENGTH DATA ELEMENTS--GENERAL INFORMATION |
| fixed length control field |
240612b ||||| |||| 00| 0 eng d |
| 020 ## - INTERNATIONAL STANDARD BOOK NUMBER |
| International Standard Book Number |
9781009311281 |
| 040 ## - CATALOGING SOURCE |
| Transcribing agency |
KH8 |
| 082 ## - DEWEY DECIMAL CLASSIFICATION NUMBER |
| Classification number |
570 MAR |
| 100 ## - MAIN ENTRY--PERSONAL NAME |
| Personal name |
Martindill, David, |
| Relator term |
author. |
| 245 ## - TITLE STATEMENT |
| Title |
Combined and Co-ordinated Sciences for Cambridge IGCSE : |
| Remainder of title |
Coursebook / |
| Statement of responsibility, etc. |
David Martindill, Joanna Haywood and Sheila Tarpey. |
| 260 ## - PUBLICATION, DISTRIBUTION, ETC. |
| Place of publication, distribution, etc. |
United Kingdom ; |
| Name of publisher, distributor, etc. |
Cambridge University Press, |
| Date of publication, distribution, etc. |
2023. |
| 300 ## - PHYSICAL DESCRIPTION |
| Extent |
xiv, 778 pages : |
| Other physical details |
color illustrations ; |
| Dimensions |
8.43 x 1.34 x 10.79 inches. |
| 500 ## - GENERAL NOTE |
| General note |
Include index |
| 520 ## - SUMMARY, ETC. |
| Summary, etc. |
New editions support Cambridge IGCSE Combined Science and IGCSE Co-ordinated Sciences for examination from 2025. This print and digital coursebook has been developed from extensive research through lesson observations, interviews, and work with the Cambridge Panel, our online research community. This accessible resource is written in clear English with features to support English as a second language learners. Activities develop students' essential science skills, while practice questions and self-assessment and reflection opportunities build student confidence. Projects provide opportunities for assessment for learning and cross-curricular learning as well as developing skills for life. Answers are available to teachers via Cambridge GO. |
| 650 ## - SUBJECT ADDED ENTRY--TOPICAL TERM |
| Topical term or geographic name entry element |
Science coursebook |
| 700 ## - ADDED ENTRY--PERSONAL NAME |
| Personal name |
Haywood, Joanna, |
| Relator term |
author. |
| 700 ## - ADDED ENTRY--PERSONAL NAME |
| Personal name |
Tarpey, Sheila, |
| Relator term |
author. |
| 700 ## - ADDED ENTRY--PERSONAL NAME |
| Personal name |
Jones, Mary, |
| Relator term |
author. |
| 700 ## - ADDED ENTRY--PERSONAL NAME |
| Personal name |
Jones, Geoff, |
| Relator term |
author. |
| 700 ## - ADDED ENTRY--PERSONAL NAME |
| Personal name |
Harwood, Richard, |
| Relator term |
author. |
| 700 ## - ADDED ENTRY--PERSONAL NAME |
| Personal name |
Lodge, Ian, |
| Relator term |
author. |
| 700 ## - ADDED ENTRY--PERSONAL NAME |
| Personal name |
Milington, Chris, |
| Relator term |
author. |
| 700 ## - ADDED ENTRY--PERSONAL NAME |
| Personal name |
Sang, David, |
| Relator term |
author. |
| 700 ## - ADDED ENTRY--PERSONAL NAME |
| Personal name |
Follows, Mike, |
| Relator term |
author. |
| 942 ## - ADDED ENTRY ELEMENTS (KOHA) |
| Source of classification or shelving scheme |
|
| Koha item type |
Teaching Resources |